[Event "NAYCC U12 w"]
[Site "Windsor CAN"]
[Date "2016.08.08"]
[Round "3.116"]
[White "Yang, Elena"]
[Black "Velea, Anne Marie"]
[Result "0-1"]
[WhiteElo "1221"]
[BlackElo "1556"]
[PlyCount "162"]
[EventDate "2016.08.07"]
[EventType "swiss"]
[EventRounds "9"]
[EventCountry "CAN"]

1. e4 c5 2. Nf3 d6 3. d4 cxd4 4. Nxd4 Nf6 5. Nc3 g6 6. Be2 Bg7 7. O-O O-O 8.
Be3 Nc6 9. Qd2 Bd7 10. h3 Rc8 11. f4 a6 12. a3 b5 13. Bf3 Qc7 14. Rac1 Na5 15.
Nd5 Nxd5 16. exd5 Nc4 17. Qd3 a5 18. b3 Nxe3 19. Qxe3 Qc5 20. Rfd1 Rfe8 21. Qf2
Qxa3 22. Ra1 Qb4 23. Rac1 Qc5 24. c4 b4 25. Kf1 Ra8 26. Nc2 Qxf2+ 27. Kxf2 Bc3
28. Rd3 Bf5 29. Rxc3 bxc3 30. Nd4 Bd7 31. Rxc3 Rec8 32. Re3 Kf8 33. Re1 Rc5 34.
Ra1 a4 35. bxa4 Rxa4 36. Rxa4 Bxa4 37. Be2 Kg7 38. Ke3 Kf6 39. g4 h6 40. h4 Rc8
41. Kd3 Rb8 42. Ke3 Rb1 43. Kd3 Bd1 44. Bxd1 Rxd1+ 45. Ke3 e6 46. g5+ hxg5 47.
hxg5+ Ke7 48. Nc6+ Kd7 49. dxe6+ fxe6 50. Nd4 Re1+ 51. Kd3 Rf1 52. Ke3 Re1+ 53.
Kd3 e5 54. fxe5 Rxe5 55. Nf3 Rc5 56. Kd4 Ke6 57. Kd3 Kf5 58. Nd4+ Kg4 59. Ne6
Re5 60. Nd8 Kxg5 61. Nf7+ Kf5 62. Nxd6+ Kf4 63. Kd4 Rh5 64. c5 Rh7 65. Kd5 g5
66. Ne8 g4 67. Nf6 g3 68. Nxh7 g2 69. Kd6 g1=Q 70. c6 Qg6+ 71. Kd7 Qxh7+ 72.
Kd8 Qg8+ 73. Kd7 Qd5+ 74. Kc7 Ke5 75. Kb7 Kd6 76. Kb6 Qxc6+ 77. Ka5 Qb7 78. Ka4
Kc5 79. Ka3 Kc4 80. Ka2 Kc3 81. Ka1 Qb2# 0-1

[Event "NAYCC U12 w"]
[Site "Windsor CAN"]
[Date "2016.08.08"]
[Round "3.117"]
[White "Dasari, Srihitha"]
[Black "Wang, Isabelle"]
[Result "1/2-1/2"]
[WhiteElo "1492"]
[BlackElo "1102"]
[PlyCount "98"]
[EventDate "2016.08.07"]
[EventType "swiss"]
[EventRounds "9"]
[EventCountry "CAN"]

1. e4 e5 2. Nf3 Nc6 3. Bc4 Bc5 4. c3 Nf6 5. d3 h6 6. O-O d6 7. h3 O-O 8. Bb3 a6
9. Nbd2 b5 10. Re1 Bb7 11. Nf1 Bb6 12. Ng3 Ne7 13. Nh4 Bc8 14. Qf3 Ng6 15. Nxg6
Re8 16. Nh4 Be6 17. Nhf5 Kh7 18. Bd2 Ng8 19. Ne3 c6 20. Ng4 Qd7 21. Bxe6 fxe6
22. Nh5 Rf8 23. Qd1 Qf7 24. Be3 Bxe3 25. Nxe3 Qxf2+ 26. Kh1 g6 27. Rb1 gxh5 28.
Qxh5 Qg3 29. Qg4 Qxg4 30. Nxg4 Nf6 31. Nxf6+ Rxf6 32. d4 exd4 33. cxd4 e5 34.
dxe5 dxe5 35. Rf1 Raf8 36. Kg1 Kg6 37. Rxf6+ Rxf6 38. Rf1 Rxf1+ 39. Kxf1 Kg5
40. g3 h5 41. Kf2 Kf6 42. Kf3 Kg5 43. h4+ Kg6 44. g4 c5 45. g5 c4 46. Ke3 b4
47. Kd2 a5 48. Kc2 Kf7 49. a3 Kg6 1/2-1/2

[Event "NAYCC U12 w"]
[Site "Windsor CAN"]
[Date "2016.08.08"]
[Round "3.118"]
[White "Periappuram, Moira"]
[Black "Kuleshova, Julia"]
[Result "0-1"]
[WhiteElo "773"]
[BlackElo "1487"]
[PlyCount "29"]
[EventDate "2016.08.07"]
[EventType "swiss"]
[EventRounds "9"]
[EventCountry "CAN"]

1. e4 c6 2. Nf3 d5 3. e5 Bg4 4. d4 e6 5. Be2 c5 6. Be3 Nc6 7. c3 Nge7 8. O-O
cxd4 9. cxd4 Qb6 10. Qd2 Bxf3 11. Bxf3 Nf5 12. Rd1 Rc8 13. Qc3 Bb4 14. Qd3 Be7
15. b3 0-1

[Event "NAYCC U12 w"]
[Site "Windsor CAN"]
[Date "2016.08.08"]
[Round "3.119"]
[White "Woods, Charisse"]
[Black "Venkataraja, Triyakshari"]
[Result "1/2-1/2"]
[WhiteElo "1442"]
[BlackElo "1162"]
[PlyCount "92"]
[EventDate "2016.08.07"]
[EventType "swiss"]
[EventRounds "9"]
[EventCountry "CAN"]

1. e4 e5 2. Nf3 Nc6 3. Bc4 Nf6 4. Ng5 d5 5. exd5 Na5 6. Be2 Nxd5 7. d3 h6 8.
Nf3 Bd6 9. O-O O-O 10. Nc3 c6 11. d4 Nxc3 12. bxc3 e4 13. Nd2 Bf5 14. Bg4 Qh4
15. h3 Bxg4 16. Qxg4 Qxg4 17. hxg4 Rfe8 18. Re1 e3 19. Rxe3 Rxe3 20. fxe3 Re8
21. Nf3 Nc4 22. Kf2 c5 23. Rb1 b6 24. Ne1 Re6 25. Nd3 Rf6+ 26. Ke2 Rg6 27. dxc5
bxc5 28. Rb7 Rxg4 29. Kf3 Rg3+ 30. Kf2 Rg5 31. Rxa7 Rf5+ 32. Ke2 Rg5 33. Ne1
Bg3 34. Nf3 Rg6 35. a4 Kh7 36. Rxf7 Ra6 37. e4 Rxa4 38. Be3 Ne5 39. Nxe5 Bxe5
40. Re7 Bxc3 41. Bxc5 Bf6 42. Re8 Rc4 43. Bf8 Rxc2+ 44. Kf3 Rc3+ 45. Ke2 Rg3
46. Kf1 Re3 1/2-1/2

[Event "NAYCC U12 w"]
[Site "Windsor CAN"]
[Date "2016.08.08"]
[Round "3.120"]
[White "Kao, Simona"]
[Black "Ehsani, Yassamin"]
[Result "0-1"]
[WhiteElo "1289"]
[BlackElo "1429"]
[PlyCount "104"]
[EventDate "2016.08.07"]
[EventType "swiss"]
[EventRounds "9"]
[EventCountry "CAN"]

1. e4 c5 2. Nc3 d6 3. f4 Nc6 4. Nf3 Nf6 5. Bb5 a6 6. Bxc6+ bxc6 7. O-O d5 8. d3
e6 9. Re1 Be7 10. Bd2 Rb8 11. Rb1 Qc7 12. Ne5 Bd6 13. Nxc6 Qxc6 14. e5 Nd7 15.
exd6 Qxd6 16. Qf3 O-O 17. f5 Qb6 18. Kh1 d4 19. Ne4 Bb7 20. Qg4 e5 21. Rf1 Bxe4
22. dxe4 f6 23. Rf3 Rf7 24. Rg3 Nf8 25. Qe2 Qb5 26. Qxb5 axb5 27. Ra3 Rfb7 28.
Ra5 Nd7 29. Ra3 b4 30. Rg3 c4 31. Bh6 Nf8 32. Bc1 Nd7 33. Bh6 Nc5 34. Bc1 Nxe4
35. Rf3 Nd6 36. b3 e4 37. Rf4 c3 38. a4 Re8 39. g4 Rd7 40. Ra1 Nc8 41. Rf1 g6
42. fxg6 hxg6 43. Rxf6 e3 44. Rf1 d3 45. cxd3 Rxd3 46. Bxe3 Rexe3 47. Rac1 Rd2
48. Rfd1 Ree2 49. Rxd2 Rxd2 50. Re1 Nd6 51. a5 c2 52. a6 Rd1 0-1

[Event "NAYCC U12 w"]
[Site "Windsor CAN"]
[Date "2016.08.08"]
[Round "3.121"]
[White "Yellamraju, Ambica"]
[Black "Farkas, Jezzel"]
[Result "1/2-1/2"]
[WhiteElo "1625"]
[BlackElo "1310"]
[PlyCount "109"]
[EventDate "2016.08.07"]
[EventType "swiss"]
[EventRounds "9"]
[EventCountry "CAN"]

1. d4 Nf6 2. c4 g6 3. Nc3 d5 4. cxd5 Nxd5 5. e4 Nxc3 6. bxc3 Bg7 7. Be3 O-O 8.
Bc4 c5 9. Ne2 Nc6 10. O-O Bd7 11. Qd2 cxd4 12. cxd4 Qc7 13. Rac1 Qa5 14. Qxa5
Nxa5 15. Bd5 Rac8 16. e5 e6 17. Be4 Bb5 18. Bf3 b6 19. Rfd1 Nc4 20. Bf4 Nb2 21.
Rxc8 Rxc8 22. Rc1 Rxc1+ 23. Bxc1 Na4 24. a3 Kf8 25. Bd2 Ke8 26. Nc3 Nxc3 27.
Bxc3 Bf8 28. Bb2 Kd7 29. d5 exd5 30. Bxd5 Ke7 31. Bb3 Bd7 32. Kf1 Be6 33. Ba4
Bd7 34. Bb3 Be6 35. Bc2 Kd7 36. Ba4+ Kc7 37. Be8 Kd8 38. Bb5 Bd7 39. Bc4 Be6
40. Bd3 Kc7 41. Be4 Bc5 42. f4 Bd7 43. Ke2 Bc6 44. Kd3 Bb5+ 45. Kd2 Bc6 46.
Bxc6 Kxc6 47. Kd3 Kd5 48. g4 Bg1 49. h3 Bc5 50. Bc1 Be7 51. Bb2 Bc5 52. Bc1 Be7
53. Bb2 Bc5 54. Bc1 Be7 55. Bb2 1/2-1/2

[Event "NAYCC U12 w"]
[Site "Windsor CAN"]
[Date "2016.08.08"]
[Round "3.122"]
[White "Miyasaka, Julia"]
[Black "Tan, Kylie"]
[Result "1-0"]
[WhiteElo "1466"]
[BlackElo "1383"]
[PlyCount "161"]
[EventDate "2016.08.07"]
[EventType "swiss"]
[EventRounds "9"]
[EventCountry "CAN"]

1. e4 d5 2. exd5 Qxd5 3. Nc3 Qa5 4. d4 Nf6 5. Bd2 Bg4 6. Be2 Bxe2 7. Qxe2 Nc6
8. Nf3 h6 9. Qb5 Qxb5 10. Nxb5 O-O-O 11. Be3 e6 12. a4 a6 13. Na3 g5 14. c3 Ne4
15. Nc4 f6 16. Ncd2 Nd6 17. b4 Bg7 18. Rb1 b5 19. axb5 axb5 20. Ra1 Kb7 21. Nb3
Kc8 22. Nc5 Rde8 23. Ra8+ Nb8 24. Ke2 Nb7 25. Nxb7 Kxb7 26. Rha1 Nc6 27. R8a6
f5 28. Nd2 f4 29. Nb3 Bf8 30. Bd2 Bd6 31. Kf1 Ra8 32. Rxa8 Rxa8 33. Rxa8 Kxa8
34. Ke2 e5 35. dxe5 Nxe5 36. Nd4 c6 37. g3 fxg3 38. hxg3 Kb7 39. f4 Nf7 40.
fxg5 hxg5 41. Kf3 Be7 42. Kg4 Bd6 43. Nf3 Ne5+ 44. Nxe5 Bxe5 45. Be1 Bf6 46.
Kf5 Bd8 47. Bd2 Bc7 48. g4 Bd6 49. Kxg5 c5 50. Kf5 cxb4 51. cxb4 Kc6 52. Ke6
Bf8 53. g5 Bg7 54. g6 Bd4 55. Kf7 Kd5 56. g7 Bxg7 57. Kxg7 Kc4 58. Kf6 Kd3 59.
Be1 Ke2 60. Ke6 Kxe1 61. Kd6 Kd2 62. Kc6 Kc3 63. Kxb5 Kb3 64. Kc5 Ka4 65. b5
Ka5 66. b6 Ka6 67. Kc6 Ka5 68. b7 Kb4 69. b8=Q+ Kc4 70. Qb5+ Kd4 71. Qc5+ Ke4
72. Qd5+ Kf4 73. Kd6 Ke3 74. Ke5 Ke2 75. Qd4 Kf3 76. Qe4+ Kg3 77. Qf4+ Kg2 78.
Ke4 Kh3 79. Qg5 Kh2 80. Kf3 Kh1 81. Qg2# 1-0

[Event "NAYCC U12 w"]
[Site "Windsor CAN"]
[Date "2016.08.08"]
[Round "3.123"]
[White "Qiao, Joey"]
[Black "Guo, Hazel"]
[Result "1-0"]
[WhiteElo "1462"]
[BlackElo "1291"]
[PlyCount "143"]
[EventDate "2016.08.07"]
[EventType "swiss"]
[EventRounds "9"]
[EventCountry "CAN"]

1. e4 e6 2. d4 d5 3. exd5 exd5 4. Bd3 Nf6 5. Ne2 Bd6 6. h3 c6 7. c3 O-O 8. O-O
Nbd7 9. Nd2 Re8 10. Nf3 Nf8 11. Bf4 Bxf4 12. Nxf4 Qd6 13. Qd2 h6 14. Ne5 N8d7
15. Nxd7 Bxd7 16. Rfe1 Qc7 17. Rab1 Be6 18. Nxe6 fxe6 19. Bg6 Re7 20. Re5 Nd7
21. Re2 e5 22. Bf5 e4 23. Bxd7 Qxd7 24. Rbe1 Rae8 25. Qf4 Qe6 26. Qg3 Qf5 27.
Rf1 b6 28. b3 c5 29. Rfe1 Qd7 30. Qe3 Qb5 31. Rd1 Re6 32. dxc5 Re5 33. cxb6
axb6 34. Red2 Rc8 35. Qd4 Rce8 36. Re1 Qc6 37. Rc2 b5 38. Re3 Qg6 39. Rg3 Rg5
40. Qxd5+ Rxd5 41. Rxg6 Rd1+ 42. Kh2 Rf1 43. Rd2 Rf8 44. Kg3 Re8 45. Re2 Rc1
46. Rc6 Rd1 47. Re3 Rd3 48. Rxd3 exd3 49. Rd6 Re2 50. Rxd3 Rxa2 51. Kf3 Kh7 52.
Ke3 Kg6 53. b4 Rc2 54. g3 Kh7 55. f4 Rg2 56. Kd4 Re2 57. Kc5 Rh2 58. h4 Kg6 59.
Kxb5 Kf6 60. c4 Rc2 61. c5 Ke6 62. c6 Kf5 63. Kb6 Rc4 64. b5 Kg4 65. c7 g5 66.
hxg5 hxg5 67. fxg5 Kh3 68. Kb7 Rh4 69. c8=Q+ Kh2 70. gxh4 Kg1 71. Qc2 Kh1 72.
Rd1# 1-0

[Event "NAYCC U12 w"]
[Site "Windsor CAN"]
[Date "2016.08.09"]
[Round "4.111"]
[White "Dommalapati, Aasa"]
[Black "Cao, Claire"]
[Result "0-1"]
[WhiteElo "1583"]
[BlackElo "1569"]
[PlyCount "112"]
[EventDate "2016.08.07"]
[EventType "swiss"]
[EventRounds "9"]
[EventCountry "CAN"]

1. e4 e6 2. d4 d5 3. Nc3 Nf6 4. Bg5 Be7 5. e5 Nfd7 6. Bxe7 Qxe7 7. f4 a6 8. Nf3
c5 9. dxc5 Nc6 10. Bd3 Nxc5 11. O-O b5 12. Ne2 Bb7 13. Ned4 Nxd4 14. Nxd4 O-O
15. Kh1 f5 16. Qh5 Ne4 17. c3 Rac8 18. Bxe4 dxe4 19. Nc2 Rfd8 20. Rad1 Bd5 21.
Nb4 Bc4 22. Rxd8+ Rxd8 23. Rd1 Rxd1+ 24. Qxd1 e3 25. b3 e2 26. Qd2 Qd7 27. Qe1
Qd1 28. Nc2 Qxc2 29. Kg1 Bd3 30. Kf2 Qxa2 31. Ke3 Qb1 32. Qxb1 Bxb1 33. Kxe2 a5
34. b4 a4 35. Kd2 Ba2 36. g3 Bb3 37. h3 a3 38. Kc1 h5 39. h4 Kf7 40. Kb1 Ke7
41. Ka1 Kd7 42. Kb1 Kc6 43. Ka1 Kd5 44. Kb1 Ke4 45. Ka1 Kf3 46. Kb1 Kxg3 47. c4
Bxc4 48. Kc2 Kxf4 49. Kc3 Ke4 50. Kc2 f4 51. Kc3 a2 52. Kb2 f3 53. Ka1 f2 54.
Kb2 f1=Q 55. Kc2 Qe2+ 56. Kc3 a1=B# 0-1

[Event "NAYCC U12 w"]
[Site "Windsor CAN"]
[Date "2016.08.09"]
[Round "4.112"]
[White "Velea, Anne Marie"]
[Black "Dasari, Srihitha"]
[Result "1-0"]
[WhiteElo "1556"]
[BlackElo "1492"]
[PlyCount "93"]
[EventDate "2016.08.07"]
[EventType "swiss"]
[EventRounds "9"]
[EventCountry "CAN"]

1. e4 c5 2. Nf3 d6 3. d4 cxd4 4. Nxd4 Nf6 5. Nc3 g6 6. Be3 Bg7 7. f3 O-O 8. Qd2
Nc6 9. Bc4 Bd7 10. O-O a6 11. Bb3 Rc8 12. Nd5 Nxd5 13. exd5 Na5 14. c3 Nc4 15.
Bxc4 Rxc4 16. b3 Rc8 17. c4 b5 18. cxb5 Bxb5 19. Rfe1 Bd7 20. Rac1 Rxc1 21.
Rxc1 Qa8 22. Qa5 Rb8 23. Nc6 Re8 24. Qc7 Bxc6 25. dxc6 Bf6 26. Qb7 Qc8 27. Rc4
a5 28. Bb6 Qe6 29. Rc1 Bg5 30. Rd1 Qe2 31. Rf1 Be3+ 32. Bxe3 Qxe3+ 33. Kh1 Qc5
34. Qd7 Kf8 35. Rb1 d5 36. h3 Qc2 37. Re1 Qd2 38. Rf1 Qxa2 39. Qxd5 a4 40. Qd4
f6 41. Qxa4 Qe2 42. Rc1 Qd2 43. Qc4 Rc8 44. b4 Qb2 45. b5 h6 46. c7 Kg7 47. Qc6
1-0

[Event "NAYCC U12 w"]
[Site "Windsor CAN"]
[Date "2016.08.09"]
[Round "4.113"]
[White "Kuleshova, Julia"]
[Black "He, Emma"]
[Result "1/2-1/2"]
[WhiteElo "1487"]
[BlackElo "1446"]
[PlyCount "54"]
[EventDate "2016.08.07"]
[EventType "swiss"]
[EventRounds "9"]
[EventCountry "CAN"]

1. e4 e5 2. Nf3 Nc6 3. Bb5 a6 4. Bxc6 dxc6 5. O-O Bd6 6. Nc3 Ne7 7. Re1 O-O 8.
d4 f6 9. h3 Qe8 10. d5 cxd5 11. Nxd5 Kh8 12. c4 Qg6 13. Nh4 Qf7 14. Be3 Nxd5
15. cxd5 f5 16. exf5 Bxf5 17. Qf3 Bg6 18. Qxf7 Bxf7 19. Rad1 Rad8 20. Bd2 h6
21. Bc3 Rfe8 22. Nf3 e4 23. Nh4 Kh7 24. Rd4 Be7 25. Rdxe4 Bxh4 26. Rxh4 Bxd5
27. a3 Be6 1/2-1/2

[Event "NAYCC U12 w"]
[Site "Windsor CAN"]
[Date "2016.08.09"]
[Round "4.114"]
[White "Ehsani, Yassamin"]
[Black "Garai, Antara"]
[Result "1-0"]
[WhiteElo "1429"]
[BlackElo "1465"]
[PlyCount "51"]
[EventDate "2016.08.07"]
[EventType "swiss"]
[EventRounds "9"]
[EventCountry "CAN"]

1. e4 c5 2. Nc3 d6 3. f4 g6 4. Nf3 Bg7 5. Bc4 Nc6 6. d3 e6 7. f5 exf5 8. O-O
Nge7 9. Qe1 O-O 10. Qh4 Nd4 11. Bg5 Ndc6 12. Nd5 Re8 13. Nf6+ Bxf6 14. Bxf6 h5
15. Qg5 Kh7 16. Bxf7 Rf8 17. Bxg6+ Nxg6 18. Bxd8 Nxd8 19. Qxh5+ Kg7 20. Nh4
Nxh4 21. Qxh4 Nf7 22. exf5 Rh8 23. Qe7 b6 24. Rf3 Bxf5 25. Rxf5 Raf8 26. Raf1
1-0

[Event "NAYCC U12 w"]
[Site "Windsor CAN"]
[Date "2016.08.09"]
[Round "4.115"]
[White "Wang, Isabelle"]
[Black "Miyasaka, Julia"]
[Result "1-0"]
[WhiteElo "1102"]
[BlackElo "1466"]
[PlyCount "117"]
[EventDate "2016.08.07"]
[EventType "swiss"]
[EventRounds "9"]
[EventCountry "CAN"]

1. e4 e5 2. Nf3 Nc6 3. Nc3 Nf6 4. d4 exd4 5. Nxd4 Bb4 6. Nxc6 bxc6 7. Bd3 d5 8.
exd5 cxd5 9. O-O O-O 10. Bg5 c6 11. Qf3 Be7 12. Rfe1 Be6 13. Ne2 h6 14. Bc1 Re8
15. Nd4 Bd7 16. c3 Qc8 17. h3 Bc5 18. Bd2 Qb7 19. b3 Rad8 20. Qg3 Kh8 21. Qf3
Bc8 22. Bxh6 Ne4 23. Bf4 Nf6 24. Bg5 Nh7 25. Bxd8 Rxd8 26. Qh5 g6 27. Qh4 Qc7
28. Nf3 Kg8 29. b4 Bf8 30. Ng5 Nxg5 31. Qxg5 Be6 32. Bxg6 Bg7 33. Rac1 Rd6 34.
Bd3 Qc8 35. Re3 Qd8 36. Qh5 Qf6 37. Rg3 Rd8 38. Bb1 Qf4 39. Qh7+ Kf8 40. Qxg7+
Ke8 41. Re1 Qd2 42. Rge3 Kd7 43. Rxe6 Kc7 44. Qxf7+ Rd7 45. Qf3 Qb2 46. Qf6 Qa3
47. Rxc6+ Kb7 48. Rce6 Qa4 49. Re7 Kc7 50. Rxd7+ Qxd7 51. Re7 Qxe7 52. Qxe7+
Kc6 53. Qc5+ Kd7 54. Qxd5+ Ke7 55. Qc6 Kf7 56. Qd6 Kg7 57. Qe6 Kh8 58. Qe7 a6
59. Qh7# 1-0

[Event "NAYCC U12 w"]
[Site "Windsor CAN"]
[Date "2016.08.09"]
[Round "4.116"]
[White "Venkataraja, Triyakshari"]
[Black "Qiao, Joey"]
[Result "1/2-1/2"]
[WhiteElo "1162"]
[BlackElo "1462"]
[PlyCount "52"]
[EventDate "2016.08.07"]
[EventType "swiss"]
[EventRounds "9"]
[EventCountry "CAN"]

1. e4 e5 2. Nf3 Nc6 3. d4 exd4 4. Bc4 Nf6 5. e5 d5 6. Bb5 Ne4 7. Nxd4 Bd7 8.
Bxc6 bxc6 9. O-O Be7 10. f3 Nc5 11. Be3 O-O 12. f4 Ne4 13. Nd2 Nxd2 14. Qxd2 c5
15. Ne2 d4 16. Bf2 Bf5 17. Ng3 Be6 18. f5 Bd5 19. c3 dxc3 20. Qxc3 c4 21. Bd4
c5 22. f6 cxd4 23. fxe7 dxc3 24. exd8=Q Rfxd8 25. bxc3 Be6 26. Rab1 Rd5 1/2-1/2

[Event "NAYCC U12 w"]
[Site "Windsor CAN"]
[Date "2016.08.09"]
[Round "4.117"]
[White "Woods, Charisse"]
[Black "Yang, Elena"]
[Result "0-1"]
[WhiteElo "1442"]
[BlackElo "1221"]
[PlyCount "88"]
[EventDate "2016.08.07"]
[EventType "swiss"]
[EventRounds "9"]
[EventCountry "CAN"]

1. e4 e5 2. Nf3 Nc6 3. Bc4 Bc5 4. O-O Nf6 5. d3 h6 6. Nc3 O-O 7. h3 d6 8. Be3
Bb6 9. Qd2 Bxe3 10. fxe3 Na5 11. Nd5 Nxc4 12. Nxf6+ Qxf6 13. dxc4 Qe7 14. Rad1
Be6 15. Qb4 b6 16. Nxe5 Rfe8 17. Nc6 Qd7 18. Qb5 Bxh3 19. Qh5 Bg4 20. Qd5 Bxd1
21. Rxd1 Qe6 22. Qxe6 Rxe6 23. Rd4 a6 24. a4 Rae8 25. Kf2 Rxe4 26. Rxe4 Rxe4
27. b3 f5 28. Kf3 Kf7 29. Nd4 g6 30. g3 Kf6 31. Ne2 Kg5 32. Ng1 Kf6 33. Ne2 g5
34. Kf2 h5 35. Nc3 Rg4 36. Nd5+ Ke5 37. Nxc7 h4 38. gxh4 gxh4 39. Nxa6 h3 40.
b4 h2 41. a5 h1=Q 42. axb6 Qg2+ 43. Ke1 Rh4 44. b7 Rh1# 0-1

[Event "NAYCC U12 w"]
[Site "Windsor CAN"]
[Date "2016.08.09"]
[Round "4.118"]
[White "Yellamraju, Aparna"]
[Black "Yellamraju, Ambica"]
[Result "1/2-1/2"]
[WhiteElo "1404"]
[BlackElo "1625"]
[PlyCount "102"]
[EventDate "2016.08.07"]
[EventType "swiss"]
[EventRounds "9"]
[EventCountry "CAN"]

1. d4 Nf6 2. c4 e6 3. Nc3 Bb4 4. Bg5 b6 5. Nf3 Bb7 6. e3 O-O 7. Bd3 h6 8. Bh4
Bxc3+ 9. bxc3 d5 10. cxd5 Bxd5 11. e4 g5 12. Nxg5 hxg5 13. Bxg5 Bxe4 14. Bxe4
c6 15. Qf3 Kg7 16. h4 Rh8 17. h5 Nbd7 18. Bxc6 e5 19. dxe5 Nxe5 20. Qxf6+ Qxf6
21. Bxf6+ Kxf6 22. Bxa8 Rxa8 23. Rd1 Re8 24. Kf1 Rc8 25. h6 Rh8 26. Rd6+ Ke7
27. Rd4 Ng6 28. g4 Ke8 29. g5 Ke7 30. f4 Ke6 31. Kf2 a6 32. Kf3 Rc8 33. Re1+
Kf5 34. Rd5+ Ne5+ 35. Rexe5+ Kg6 36. Rd6+ Kh7 37. Rxb6 Rxc3+ 38. Re3 Rc7 39.
Rxa6 Rc1 40. a4 Rc8 41. a5 Rb8 42. Ra3 Rb7 43. Rc6 Ra7 44. a6 Kg8 45. Rb6 Kh7
46. Rb7 Ra8 47. a7 Kg6 48. Rb8 Rxa7 49. Rxa7 f6 50. gxf6 Kxf6 51. Rb6+ Kf5
1/2-1/2

[Event "NAYCC U12 w"]
[Site "Windsor CAN"]
[Date "2016.08.09"]
[Round "4.119"]
[White "Farkas, Jezzel"]
[Black "Kao, Simona"]
[Result "1-0"]
[WhiteElo "1310"]
[BlackElo "1289"]
[PlyCount "99"]
[EventDate "2016.08.07"]
[EventType "swiss"]
[EventRounds "9"]
[EventCountry "CAN"]

1. d4 d5 2. Bf4 Nf6 3. Nf3 Bf5 4. e3 e6 5. c4 c6 6. Nc3 Nbd7 7. Qb3 b6 8. Be2
Be7 9. O-O O-O 10. Rac1 Re8 11. Ne5 Nxe5 12. Bxe5 Nd7 13. Bf4 Nf6 14. cxd5 cxd5
15. Nb5 Ne4 16. Rfd1 Nd6 17. Nc7 Rc8 18. Nxe8 Nxe8 19. Ba6 Rxc1 20. Rxc1 Qd7
21. Bb5 Qd8 22. Qc3 Bg6 23. Qc8 Qxc8 24. Rxc8 f6 25. Bxe8 Bxe8 26. Rxe8+ Kf7
27. Ra8 a5 28. Ra7 Kf8 29. Bc7 Bb4 30. Bxb6 Bd2 31. Bxa5 Bc1 32. b4 Ba3 33. b5
Bd6 34. b6 e5 35. b7 exd4 36. exd4 Kg8 37. Bb4 Bf4 38. Ra8+ Kf7 39. b8=Q Bxb8
40. Rxb8 Kg6 41. a4 Kf5 42. Re8 g5 43. a5 h5 44. a6 g4 45. a7 h4 46. a8=Q g3
47. Qxd5+ Kg6 48. Rg8+ Kh6 49. Bd2+ Kh7 50. Qf7# 1-0

[Event "NAYCC U12 w"]
[Site "Windsor CAN"]
[Date "2016.08.09"]
[Round "4.120"]
[White "Tan, Kylie"]
[Black "Periappuram, Moira"]
[Result "1-0"]
[WhiteElo "1383"]
[BlackElo "773"]
[PlyCount "77"]
[EventDate "2016.08.07"]
[EventType "swiss"]
[EventRounds "9"]
[EventCountry "CAN"]

1. e4 e5 2. Nf3 Nc6 3. Bc4 Be7 4. c3 d6 5. d3 Nf6 6. O-O O-O 7. Bb3 a6 8. Nbd2
b5 9. Re1 Na5 10. Bc2 Bg4 11. h3 Bd7 12. Nf1 Nh5 13. Nxe5 dxe5 14. Qxh5 Bf6 15.
Ng3 Nc6 16. Qf3 b4 17. Bd2 a5 18. Ba4 Qe7 19. Nf5 Qc5 20. Be3 Nd4 21. cxd4 exd4
22. Bxd7 dxe3 23. Qxe3 Qe5 24. d4 Qxf5 25. Bxf5 g6 26. Qg3 c6 27. e5 Bg7 28.
Bg4 f5 29. exf6 Bxf6 30. Qd6 Rf7 31. Be6 Raf8 32. Bxf7+ Rxf7 33. Re8+ Kg7 34.
Rae1 Kh6 35. g4 Bh4 36. R1e2 Rf3 37. Kg2 Rd3 38. Qf8+ Kg5 39. f4# 1-0

[Event "NAYCC U12 w"]
[Site "Windsor CAN"]
[Date "2016.08.09"]
[Round "5.111"]
[White "Cao, Claire"]
[Black "Velea, Anne Marie"]
[Result "1-0"]
[WhiteElo "1569"]
[BlackElo "1556"]
[PlyCount "197"]
[EventDate "2016.08.07"]
[EventType "swiss"]
[EventRounds "9"]
[EventCountry "CAN"]

1. e4 c5 2. Nf3 d6 3. d4 cxd4 4. Nxd4 Nf6 5. Nc3 g6 6. Be3 Bg7 7. f3 O-O 8. Qd2
Nc6 9. O-O-O Nxd4 10. Bxd4 Be6 11. h4 Qa5 12. Kb1 Rfc8 13. g4 Rab8 14. g5 Nh5
15. Bxg7 Kxg7 16. Qd4+ Kg8 17. Nd5 Bxd5 18. exd5 Qc5 19. Rh2 Qxd4 20. Rxd4 f6
21. f4 f5 22. Bb5 Ng7 23. Re2 Kf7 24. Re3 Rc5 25. Be2 Rbc8 26. Rd2 a6 27. c3
Kf8 28. Kc1 Kf7 29. Kd1 Kf8 30. Ke1 Ke8 31. Kf2 Kf7 32. Kg3 Kf8 33. Kg2 Kf7 34.
Bf3 Rc4 35. Kg3 R4c5 36. Rde2 R5c7 37. Re1 Kf8 38. R1e2 Kf7 39. Rh2 Re8 40. Re1
Nh5+ 41. Bxh5 gxh5 42. Rd2 Rc5 43. Rde2 Rc7 44. Kf3 Rg8 45. a3 Kf8 46. Re6 Rg6
47. R6e3 b5 48. R3e2 a5 49. Re6 Kf7 50. Ke2 Kf8 51. Kd2 Rxe6 52. Rxe6 Rc5 53.
Rh6 Rxd5+ 54. Ke2 Kg8 55. Re6 Kf8 56. Rh6 Kg8 57. g6 e5 58. gxh7+ Kh8 59. Rxh5
e4 60. Ke3 Rd3+ 61. Ke2 Rd5 62. b4 a4 63. Ke1 Rd3 64. Rxf5 Kxh7 65. Rxb5 Rxc3
66. Rd5 Rxa3 67. Ra5 d5 68. Rxd5 Rh3 69. h5 Kh6 70. Re5 Rxh5 71. Rxe4 Rb5 72.
Kd2 Kg6 73. Kc3 Kf5 74. Rc4 Rb8 75. Kb2 Ra8 76. Ka3 Ra7 77. b5 Ra5 78. Rb4 Kf6
79. b6 Ra8 80. b7 Rb8 81. Kxa4 Ke7 82. Ka5 Kd7 83. Ka6 Kc7 84. Rc4+ Kd7 85. Ka7
Rxb7+ 86. Kxb7 Ke6 87. Rc5 Kd6 88. Kb6 Kd7 89. Rc6 Kd8 90. Rc7 Ke8 91. Kc6 Kd8
92. Kd6 Ke8 93. f5 Kd8 94. Ra7 Ke8 95. Rb7 Kf8 96. Ke6 Kg8 97. Kf6 Kh8 98. Kg6
Kg8 99. Rb8# 1-0

[Event "NAYCC U12 w"]
[Site "Windsor CAN"]
[Date "2016.08.09"]
[Round "5.114"]
[White "Yang, Elena"]
[Black "Kuleshova, Julia"]
[Result "1-0"]
[WhiteElo "1221"]
[BlackElo "1487"]
[PlyCount "51"]
[EventDate "2016.08.07"]
[EventType "swiss"]
[EventRounds "9"]
[EventCountry "CAN"]

1. e4 c6 2. d4 d5 3. exd5 cxd5 4. c4 Nf6 5. Nf3 Nc6 6. Nc3 Bg4 7. Be2 a6 8.
cxd5 Nxd5 9. O-O e6 10. Nxd5 Qxd5 11. Be3 Be7 12. a3 O-O 13. Qd2 Rfd8 14. Rfd1
Bf6 15. Rac1 Rac8 16. h3 Bf5 17. Rc5 Qd7 18. d5 Be7 19. dxc6 Qxd2 20. Rxd2 Rxd2
21. cxb7 Rb8 22. Nxd2 Bxc5 23. Bxc5 Rxb7 24. b4 Rd7 25. Nc4 Bd3 26. Ne5 1-0

[Event "NAYCC U12 w"]
[Site "Windsor CAN"]
[Date "2016.08.09"]
[Round "5.115"]
[White "Dasari, Srihitha"]
[Black "Venkataraja, Triyakshari"]
[Result "1-0"]
[WhiteElo "1492"]
[BlackElo "1162"]
[PlyCount "43"]
[EventDate "2016.08.07"]
[EventType "swiss"]
[EventRounds "9"]
[EventCountry "CAN"]

1. e4 e5 2. Nf3 Nc6 3. Bc4 Nf6 4. d3 Bc5 5. c3 O-O 6. O-O d6 7. Bb3 h6 8. Nbd2
Bg4 9. h3 Bh5 10. Re1 Qd7 11. Nf1 Rad8 12. Ng3 Bg6 13. Nh4 Bh7 14. Qf3 Rfe8 15.
Bxh6 Qe7 16. Bg5 Rd7 17. Nh5 Kf8 18. Nxf6 gxf6 19. Bh6+ Kg8 20. Qg4+ Bg6 21.
Qxg6+ Kh8 22. Qg7# 1-0

[Event "NAYCC U12 w"]
[Site "Windsor CAN"]
[Date "2016.08.09"]
[Round "5.116"]
[White "Garai, Antara"]
[Black "Farkas, Jezzel"]
[Result "1-0"]
[WhiteElo "1465"]
[BlackElo "1310"]
[PlyCount "53"]
[EventDate "2016.08.07"]
[EventType "swiss"]
[EventRounds "9"]
[EventCountry "CAN"]

1. e4 c5 2. Nf3 Nc6 3. Nc3 Nf6 4. Bb5 e6 5. e5 Nd5 6. Ne4 Qc7 7. Bxc6 dxc6 8.
d3 Be7 9. c4 Nb6 10. Bf4 O-O 11. Qe2 Nd7 12. O-O Qd8 13. Nfg5 h6 14. Nf3 f6 15.
exf6 Nxf6 16. Nxf6+ Bxf6 17. Be5 Bxe5 18. Nxe5 Rf5 19. Rac1 Qd6 20. f4 Qd4+ 21.
Kh1 Rxf4 22. Rxf4 Qxf4 23. Rf1 Qd4 24. Rf7 a5 25. Qh5 Qxb2 26. Rxg7+ Kxg7 27.
Qf7+ 1-0

[Event "NAYCC U12 w"]
[Site "Windsor CAN"]
[Date "2016.08.09"]
[Round "5.117"]
[White "Qiao, Joey"]
[Black "Woods, Charisse"]
[Result "1-0"]
[WhiteElo "1462"]
[BlackElo "1442"]
[PlyCount "45"]
[EventDate "2016.08.07"]
[EventType "swiss"]
[EventRounds "9"]
[EventCountry "CAN"]

1. e4 e5 2. Nf3 Nc6 3. Bc4 Be7 4. Nc3 Nf6 5. d3 O-O 6. O-O d6 7. h3 h6 8. Be3
Be6 9. Bb3 d5 10. exd5 Nxd5 11. Nxd5 Bxd5 12. Re1 Bf6 13. Bxd5 Qxd5 14. Nd2
Rad8 15. Qg4 Kh8 16. Ne4 Rg8 17. Qh5 Rge8 18. Nxf6 gxf6 19. Bxh6 Ne7 20. Bg5+
Kg8 21. Bxf6 Ng6 22. Qh6 e4 23. Qg7# 1-0